Saltar al contenido
Inicio
Centros participantes
Catálogo
Servicios
Contacto
登錄
English
Deutsch
Español
Français
Italiano
日本語
Nederlands
Português
Português (Brasil)
中文(简体)
中文(繁體)
Türkçe
עברית
Gaeilge
Cymraeg
Ελληνικά
Català
Euskara
Русский
Čeština
Suomi
Svenska
polski
Dansk
slovenščina
اللغة العربية
বাংলা
Galego
Tiếng Việt
Hrvatski
हिंदी
Հայերէն
Українська
Sámegiella
語言
全文檢索
題名
作者
主題
索引號
ISBN/ISSN
標簽
檢索
高級檢索
Estrategia obrera y neocapital...
引用
推薦此
打印
導出紀錄
導出到 RefWorks
導出到 EndNoteWeb
導出到 EndNote
加到收藏夾
Enlace Permanente
Agregar primera valuación
Estrategia obrera y neocapitalismo
Guardado en:
書目詳細資料
主要作者:
Gorz, André
格式:
Texto
出版:
México D.F.:
Era
版:
2
標簽:
添加標簽
沒有標簽, 成為第一個標記此記錄!
持有資料
實物特徵
您的評論
相似書籍
職員瀏覽
MARC
LEADER
00000 a a2200000 04500
001
23841
003
040
|a
CRAI/IIS
|c
CRAI/IIS
090
|a
164200
100
|a
Gorz, André
245
|a
Estrategia obrera y neocapitalismo
250
|a
2
260
|a
México D.F.:
|b
Era
300
|a
231 p.
999
|c
6978
|d
6978
相似書籍
Imperialismo y dictadura
由: Wheelock Román, Jaime
Populismo y contradicciones de clase en Latinoamérica /
由: Germani, Gino
Política y población. Base económica y espacio político de la democracia burguesa: un acercamiento al caso centroamericano
由: Dierckxsens, Wim
Debates hacia una nueva sociedad: tertulias sobre viejos y nuevos actores /
由: Verdesoto C., Luis F
Economía campesina: un modo de producción? Exposición y crítica de A.V. Chayanov
由: Neira Fernández, German